| 000 | 00716nam a22001577a 4500 | ||
|---|---|---|---|
| 005 | 20250820151306.0 | ||
| 008 | 250820b |||||||| |||| 00| 0 eng d | ||
| 050 |
_aTHE HG 1615 .K56 2015 _bC.1 |
||
| 100 | _aKimoi, Anthony | ||
| 245 | _aAssessment of Credit Risk Managemnt Practices on Organizational Performance: a Survey of Savings and Credit Co-operative Societies in Eldoret Town, Kenya | ||
| 260 |
_aKisii _bKisii University _c2015 |
||
| 300 | _axv, 82p.:ill. | ||
| 500 | _aIncludes bibliographical references | ||
| 650 | _a1. Credit risk—Kenya—Eldoret. 2. Risk management—Kenya. 3. Savings and credit cooperatives—Kenya—Eldoret. 4. Cooperative societies—Kenya—Performance. | ||
| 942 |
_2lcc _cREF |
||
| 999 |
_c216046 _d216046 |
||